League Of Legends - Roster SKT/T1 - Statistics

General Stats
  • This quiz has been taken 110 times
  • The average score is 22 of 44
Answer Stats
Année Team Role Joueur % Correct
K mid Faker
100%
2022, 2023, 2024 top Zeus
97%
2020, 2021, 2022, 2023, 2024, 2025 adc Gumayusi
95%
2022, 2023, 2024, 2025 Jgl Oner
95%
2021, 2022, 2023, 2024, 2025 sup Keria
92%
2025 Top Doran
91%
2014, 2015, 2016, 2017, 2018 S supp Wolf
86%
2014, 2015, 2016, 2017, 2018 S adc Bang
85%
2013, 2014, 2015, 2016 K jgl Bengi
85%
2014, 2015 S top Marin
76%
2017 jgl Peanut
76%
2025 adc Smash
74%
2020, 2021 top Canna
73%
2019, 2020, 2021 adc Teddy
73%
2016 top Duke
68%
2015 mid Easyhoon
68%
2013, 2014 K top Impact
63%
2013, 2014 K adc Piglet
62%
2023 mid Poby
62%
2013, 2014 K supp PoohManDu
60%
2020, 2021 jgl Cuzz
59%
2017 top Huni
55%
2019 supp Mata
55%
2016, 2017, 2018 jgl Blank
54%
2019 top Khan
50%
2018, 2019, 2020 supp Effort
46%
2019 jgl Clid
41%
2020, 2021 mid Clozer
36%
2017, 2018 top Untara
33%
2016 mid Scout
32%
2015 jgl Tom
28%
2020, 2021 jgl Ellim
23%
2024 jgl Guwon
23%
2020 top Roach
21%
2018 top Thal
21%
2018 jgl Blossom
17%
2019 jgl Haru
12%
2015 sup Piccaboo
12%
2018 pirean Pirean
12%
2018 adc Leo
10%
2019 mid Gori
9%
2017 top Profit
8%
2014 S jgl Horo
5%
2020 supp Kuri
5%
No matching quizzes found
Score Distribution
Percent of People with Each Score
Percentile by Number Answered
Your Score History
You have not taken this quiz